Moderná verejná správa v občianskej spoločnosti

Problematika koncepcie modernej verejnej správy v podmienkach občianskej spoločnosti. Dôraz článku je zameraný na autorom akceptovaný výklad pojmu občianska spoločnosť, na objasňovanie vplyvu kreativity občanov a ich verejnej angažovanosti, na zvýraznenie významu samosprávy v systéme verejnej správy...

Full description

Saved in:
Bibliographic Details
Main Author: Řehůřek, Miloš
Format: Book Chapter
Language:Slovak
Subjects:
Tags: Add Tag
No Tags, Be the first to tag this record!

MARC

LEADER 00000naa a2200000 4500
001 r025175
005 20230921125030.1
041 0 |a slo 
044 |a SK 
245 1 0 |a Moderná verejná správa v občianskej spoločnosti  |c M. Řehůřek 
520 |a Problematika koncepcie modernej verejnej správy v podmienkach občianskej spoločnosti. Dôraz článku je zameraný na autorom akceptovaný výklad pojmu občianska spoločnosť, na objasňovanie vplyvu kreativity občanov a ich verejnej angažovanosti, na zvýraznenie významu samosprávy v systéme verejnej správy. Rozbor ústavnoprávnych ustanovení týkajúcich sa inštitútu verejnej správy. 
610 2 0 |a správa verejná 
610 2 0 |a samospráva 
610 2 0 |a spoločnosť občianska 
610 2 0 |a pojmy 
610 2 0 |a inštitúcia 
610 2 0 |a sektor terciárny 
610 2 0 |a štát 
610 2 0 |a ústava 
610 2 0 |a občania 
610 2 0 |a vývoj spoločenský 
610 2 0 |a aktivita spoločenská 
100 1 |a Řehůřek, Miloš